|
|
|
|
| LEADER |
00000nab a2200000 a 4500 |
| 001 |
vtls001020583 |
| 003 |
SK-MaSNL |
| 005 |
20260303035246.0 |
| 008 |
040720e20030423xo 0 slo |
| 035 |
|
|
|a SN6486
|
| 040 |
|
|
|a SNSK
|b slo
|c SNSK
|e AACR2
|
| 041 |
0 |
|
|a slo
|
| 044 |
|
|
|a xo
|c SK
|
| 080 |
|
|
|a 614.842
|2 1981
|
| 080 |
|
|
|a 502.4
|2 1981
|
| 100 |
1 |
|
|a Hudák, Pavol,
|d 1959-2011
|4 aut
|9 237890
|
| 245 |
1 |
0 |
|a Zhorela viac ako polovica rezervácie Dreveník!
|b ničivé požiare
|
| 300 |
|
|
|b 2 foto
|
| 650 |
0 |
7 |
|a požiare
|2 SNSK
|9 1504
|
| 650 |
0 |
7 |
|a škody
|2 SNSK
|9 276699
|
| 651 |
|
7 |
|a Dreveník (Slovensko)
|2 SNSK
|9 833191
|
| 651 |
|
7 |
|a LE,
|2 SNSK
|9 1021327
|
| 655 |
|
7 |
|a periodikum
|2 snkbucl
|9 29553
|
| 773 |
0 |
8 |
|t Nový čas
|g Roč. 13, č.93, 23.4.2003, s. 11
|x 1335-4655
|
| 852 |
|
|
|a ZVYKNI
|b KIS3GCP
|
| 999 |
|
|
|c 1676713
|d 1678643
|